Manilal C. Parekh, 1885-1967, Dhanjibhai Fakirbhai, 1895-1967 : (Record no. 10318)
[ view plain ]
| 000 -LEADER | |
|---|---|
| fixed length control field | 00750nam a22001817a 4500 |
| 003 - CONTROL NUMBER IDENTIFIER | |
| control field | GBCCL |
| 005 - DATE AND TIME OF LATEST TRANSACTION | |
| control field | 20241126110729.0 |
| 008 - FIXED-LENGTH DATA ELEMENTS--GENERAL INFORMATION | |
| fixed length control field | 240618b ||||| |||| 00| 0 eng d |
| 040 ## - CATALOGING SOURCE | |
| Transcribing agency | gbc |
| 082 ## - DEWEY DECIMAL CLASSIFICATION NUMBER | |
| Classification number | 261.245 |
| Item number | MAN |
| 245 ## - TITLE STATEMENT | |
| Title | Manilal C. Parekh, 1885-1967, Dhanjibhai Fakirbhai, 1895-1967 : |
| Remainder of title | a selection / |
| Statement of responsibility, etc. | Manilal Chhotalal Parekh, Dhanjibhai Fakirbhai, R. H. S. Boyd |
| 260 ## - PUBLICATION, DISTRIBUTION, ETC. | |
| Place of publication, distribution, etc. | Bangalore, Madras : |
| Name of publisher, distributor, etc. | Christian Literature Society for the Dept. of Research and Post-graduate Studies, United Theological College, |
| Date of publication, distribution, etc. | 1974 |
| 300 ## - PHYSICAL DESCRIPTION | |
| Extent | x, 303, [1] pages ; |
| Dimensions | 22 cm |
| 440 ## - SERIES STATEMENT/ADDED ENTRY--TITLE | |
| Title | Library of Indian Christian theology, 2 |
| 9 (RLIN) | 17908 |
| 650 ## - SUBJECT ADDED ENTRY--TOPICAL TERM | |
| Topical term or geographic name entry element | Christianity |
| 9 (RLIN) | 479 |
| 650 ## - SUBJECT ADDED ENTRY--TOPICAL TERM | |
| Topical term or geographic name entry element | Christianity and other religions |
| Form subdivision | Hinduism |
| 9 (RLIN) | 17909 |
| 942 ## - ADDED ENTRY ELEMENTS (KOHA) | |
| Source of classification or shelving scheme | Dewey Decimal Classification |
| Koha item type | Books |
| Withdrawn status | Lost status | Source of classification or shelving scheme | Damaged status | Not for loan | Home library | Current Library | Shelving location | Date acquired | Total checkouts | Full call number | Barcode | Date last seen | Copy number | Price effective from | Koha item type |
|---|---|---|---|---|---|---|---|---|---|---|---|---|---|---|---|
| Dewey Decimal Classification | GRACE BIBLE COLLEGE | GRACE BIBLE COLLEGE | Ministry & Mission | 2024-06-19 | 261.245 MAN | 016137 | 2025-05-01 | c.1 | 2024-06-19 | Books |